How to grow winter vegetables
Sábháilte in:
| Príomhchruthaitheoir: | |
|---|---|
| Formáid: | LEABHAR |
| Teanga: | Béarla |
| Foilsithe / Cruthaithe: |
Devon
Green Books
2011
|
| Eagrán: | 1a. ed |
| Ábhair: | |
| Clibeanna: |
Cuir clib leis
Níl clibeanna ann, Bí ar an gcéad duine le clib a chur leis an taifead seo!
|
MARC
| LEADER | 00000cam a2200000 a 4500 | ||
|---|---|---|---|
| 001 | UCE5268 | ||
| 003 | CL-VaPUC | ||
| 008 | 141218e20110000uk |||||||||||||||||eng|d | ||
| 020 | |a 9781900322881 | ||
| 082 | 0 | 4 | |a 635 |b DOW |2 21 |
| 100 | 0 | |a Dowding, Charles |e author |9 577801 | |
| 245 | 1 | 0 | |a How to grow winter vegetables |
| 250 | |a 1a. ed | ||
| 300 | |a 232 p | ||
| 942 | |c BK | ||
| 945 | |d 20141218 14:43:00 |a dcastane | ||
| 260 | |a Devon |b Green Books |c 2011 | ||
| 650 | 0 | |a Horticultura |9 259721 | |
| 650 | 0 | |a Cultivos |9 264356 | |
| 650 | 0 | |a Verduras |9 350549 | |
| 583 | |a last modification |c 20141218 14:43:00 |k Rodrigo Vera | ||
| 999 | |c 358023 |d 358021 | ||
| 952 | |0 0 |1 0 |3 erb |4 0 |6 635_000000000000000_DOW_2011 |7 0 |8 A |9 466237 |a BIBAGR |b BIBAGR |i 513076K |o 635 DOW 2011 |p 513076K |r 2025-01-20 |w 2019-11-23 |y BK |z Catalogado en:20141218 |k AGR | ||